[Event "Fortaleza Cearense Cup"]
[Site "Fortaleza"]
[Date "2015.12.10"]
[Round "1"]
[White "Leite Filho, Newton Crispino"]
[Black "Lopes, Raimundo De Lima"]
[Result "0-1"]
[WhiteElo "1844"]
[BlackElo "1836"]
[PlyCount "76"]
[EventDate "2015.12.10"]
[EventType "swiss"]
[EventRounds "6"]
[EventCountry "BRA"]
[SourceTitle "EXT 2017"]
[Source "ChessBase"]
[SourceDate "2016.10.25"]
[SourceVersion "1"]
[SourceVersionDate "2016.10.25"]
[SourceQuality "1"]

1. d4 Nf6 2. c4 g6 3. Nc3 Bg7 4. e4 d6 5. Be2 c6 6. f4 Nfd7 7. Nf3 0-0 8. Be3 a6 9. 0-0 Nf6 10. h3 b5 11. e5 Ne8 12. d5 b4 13. Ne4 cxd5 14. Qxd5 Nc7 15. Qd2 Bb7 16. exd6 Bxe4 17. dxc7 Qxc7 18. Ng5 Bb7 19. Qxb4 Nc6 20. Qb3 Nd4 21. Bxd4 Bxd4+ 22. Kh1 Rab8 23. Qg3 h6 24. Nf3 Bxb2 25. Ne5 Bxa1 26. Rxa1 Be4 27. Rf1 Rb1 28. Rxb1 Bxb1 29. Qh4 Kg7 30. Qe1 Bf5 31. Bf1 Rb8 32. Bd3 Bxd3 33. Nxd3 Qd6 34. c5 Qf6 35. c6 Rc8 36. Ne5 Qxf4 37. Qc3 f6 38. Nd7 Qd6 0-1

[Event "Fortaleza Inelsa op"]
[Site "Fortaleza"]
[Date "2015.09.26"]
[Round "1"]
[White "Lopes, Raimundo De Lima"]
[Black "Palacio, Igor Da Paz"]
[Result "0-1"]
[WhiteElo "1841"]
[BlackElo "2070"]
[PlyCount "68"]
[EventDate "2015.09.26"]
[EventType "swiss"]
[EventRounds "7"]
[EventCountry "BRA"]
[SourceTitle "EXT 2017"]
[Source "ChessBase"]
[SourceDate "2016.10.25"]
[SourceVersion "1"]
[SourceVersionDate "2016.10.25"]
[SourceQuality "1"]

1. c4 e5 2. g3 Nc6 3. Bg2 d6 4. Nc3 g6 5. d3 Bg7 6. Nf3 f5 7. Bg5 Nge7 8. Nd5 h6 9. Nxe7 Nxe7 10. Bd2 g5 11. Qc2 0-0 12. 0-0 f4 13. Bc3 Qe8 14. Nd2 Qh5 15. Ne4 Bh3 16. Rad1 Nf5 17. Qb3 b6 18. c5+ Kh8 19. cxd6 cxd6 20. Qd5 Bxg2 21. Kxg2 Qxe2 22. Kg1 Qh5 23. Nd2 Rad8 24. Rde1 Qf7 25. Qxf7 Rxf7 26. Rc1 Rdd7 27. Nb3 Rc7 28. Bd2 Kg8 29. Kg2 Rfd7 30. Kf3 Kf7 31. Ke4 Ke6 32. gxf4 exf4 33. Bc3 Nh4 34. Bxg7 d5+ 0-1